Statistics for US States Within North Korea's Missile Range

Click here to take the quiz!

General Stats

  • This quiz has been taken 319 times
  • The average score is 21 of 24

Answer Stats

%State% Correct
100California
99%
100Washington
97%
100Alaska
95%
100Hawaii
94%
100Oregon
94%
100Nevada
93%
50New Mexico
93%
90Arizona
92%
100Idaho
92%
100Montana
90%
>99Colorado
88%
100North Dakota
88%
100South Dakota
88%
100Utah
88%
100Wyoming
88%
40Kansas
87%
100Minnesota
82%
98Nebraska
82%
<1Oklahoma
82%
60Iowa
80%
50Michigan
80%
<1Illinois
78%
90Wisconsin
78%
<1Missouri
75%

Score Distribution

Percentile by Number Answered

Percent of People with Each Score

Your Score History

You have not taken this quiz